Mathematical Simulation of Isotope Exchange in Flexible Manufacturing Systems with Electrochemical Phase Flux Reversal; Russian Physics Journal; Vol. 67, iss. 3

Bibliographic Details
Parent link:Russian Physics Journal.— .— Basel: Springer Nature Switzerland AG
Vol. 67, iss. 3.— 2024.— P. 320-324
Main Author: Dorofeeva (Dorofeyeva) L. I. Liudmila Ivanovna
Other Authors: Vergun A. P. Anatoly Pavlovich, Balashkov Vitaly Sergeevich V. S.
Summary:Title screen
The paper deals with the mathematical simulation of separation systems with organic and inorganic ion-exchange resins in flexible manufacturing systems. The main parameters are identified for the effective operation of the separation system. The obtained experimental data and theoretical calculations provide the reduction of expenditures on isotope extraction and underlie a continuous separation process with the appropriate equipment automation and mobility, flexible enrichment of a spectrum of isotopes at minimum equipment changeover
Текстовый файл
AM_Agreement
Language:English
Published: 2024
Subjects:
Online Access:https://doi.org/10.1007/s11182-024-03125-0
Format: MixedMaterials Electronic Book Chapter
KOHA link:https://koha.lib.tpu.ru/cgi-bin/koha/opac-detail.pl?biblionumber=683615

MARC

LEADER 00000naa0a2200000 4500
001 683615
005 20251205142609.0
090 |a 683615 
100 |a 20251205d2024 k||y0rusy50 ba 
101 0 |a eng 
102 |a CH 
135 |a drcn ---uucaa 
181 |a i   |b  e  
182 0 |a b 
183 0 |a cr  |2 RDAcarrier 
200 1 |a Mathematical Simulation of Isotope Exchange in Flexible Manufacturing Systems with Electrochemical Phase Flux Reversal  |f L. I. Dorofeeva, A. P. Vergun, V. S. Balashkov 
283 |a online_resource  |2 RDAcarrier 
300 |a Title screen 
320 |a References: 7 tit 
330 |a The paper deals with the mathematical simulation of separation systems with organic and inorganic ion-exchange resins in flexible manufacturing systems. The main parameters are identified for the effective operation of the separation system. The obtained experimental data and theoretical calculations provide the reduction of expenditures on isotope extraction and underlie a continuous separation process with the appropriate equipment automation and mobility, flexible enrichment of a spectrum of isotopes at minimum equipment changeover 
336 |a Текстовый файл 
371 |a AM_Agreement 
461 1 |t Russian Physics Journal  |c Basel  |n Springer Nature Switzerland AG 
463 1 |t Vol. 67, iss. 3  |v P. 320-324  |d 2024 
610 1 |a isotope exchange 
610 1 |a ion-exchange resin 
610 1 |a phase flux reversal 
610 1 |a electromigration 
610 1 |a flexible manufacturing system 
610 1 |a электронный ресурс 
610 1 |a труды учёных ТПУ 
700 1 |a Dorofeeva (Dorofeyeva)  |b L. I.  |c Physicist  |c Associate Professor of Tomsk Polytechnic University, Candidate of physical and mathematical sciences  |f 1969-  |g Liudmila Ivanovna  |9 18264 
701 1 |a Vergun  |b A. P.  |c physicist  |c Professor of Tomsk Polytechnic University, Doctor of physical and mathematical sciences  |f 1938-  |g Anatoly Pavlovich  |9 16826 
701 1 |a Balashkov  |b Vitaly Sergeevich  |g V. S. 
801 0 |a RU  |b 63413507  |c 20251205  |g RCR 
856 4 |u https://doi.org/10.1007/s11182-024-03125-0  |z https://doi.org/10.1007/s11182-024-03125-0 
942 |c CF